doubling - Statistics

General Stats
  • This quiz has been taken 38 times
  • The average score is 13 of 14
Answer Stats
Hint Answer % Correct
8 16
100%
1 2
100%
16 32
100%
2 4
100%
32 64
100%
4 8
100%
64 128
97%
128 256
97%
1024 2048
93%
256 512
90%
2048 4096
83%
4096 8192
79%
8192 16384
76%
16384 32768
66%
No matching quizzes found
Score Distribution
Percent of People with Each Score
Percentile by Number Answered
Your Score History
You have not taken this quiz